ბათუმის შოთა რუსთაველის სახელმწიფო უნივერსიტეტის ბიბლიოთეკა

რჩეული ლექსები (ბიბ.ჩანაწერი № 50607)

000 -LEADER
fixed length control field 00791nam a2200205Ia 4500
001 - CONTROL NUMBER
control field 17557
003 - CONTROL NUMBER IDENTIFIER
control field GE_BSU
008 - FIXED-LENGTH DATA ELEMENTS--GENERAL INFORMATION
fixed length control field 181216s||||||||xx |||||||||||||| ||und||
040 ## - CATALOGING SOURCE
Transcribing agency GE_BSU
080 ## - UNIVERSAL DECIMAL CLASSIFICATION NUMBER
Universal Decimal Classification number 821.353.1-1
100 ## - MAIN ENTRY--PERSONAL NAME
Personal name იეთიმ-გურჯი, იეთიმ (დაბღიშვილი, 1875-1940, იეთიმ-გურჯი)
245 ## - TITLE STATEMENT
Title რჩეული ლექსები
245 ## - TITLE STATEMENT
Statement of responsibility, etc. ანდრო თევზაძის რედაქციითა და წინასიტყვაობით; მხატვ.:ვ. ბაქრაძე
260 ## - PUBLICATION, DISTRIBUTION, ETC.
Place of publication, distribution, etc. [თბ.]
260 ## - PUBLICATION, DISTRIBUTION, ETC.
Name of publisher, distributor, etc. საბჭ.მწერალი
260 ## - PUBLICATION, DISTRIBUTION, ETC.
Date of publication, distribution, etc. 1955
300 ## - PHYSICAL DESCRIPTION
Extent 104გვ. ; 15სმ.
653 ## - INDEX TERM--UNCONTROLLED
Uncontrolled term რჩეული ლექსები
942 ## - ADDED ENTRY ELEMENTS (KOHA)
Koha item type წიგნი
ეგზემპლარები
Withdrawn status Lost status Damaged status Not for loan Date acquired Barcode Date last seen Price effective from Koha item type Public note
        2018-12-17 22348 2018-12-17 2018-12-17 წიგნი აგრარული ტექ.ფაკ.